| 000 | 01246nam a2200349 4500 | ||
|---|---|---|---|
| 003 | EG-GICUC | ||
| 005 | 20260321112940.0 | ||
| 008 | 260312s1974 fr ||||fr|||| 00| 0 fre d | ||
| 040 |
_aEG-GICUC _cEG-GICUC _dEG-GICUC _erda _bfre |
||
| 082 | 0 | 4 |
_221 _a341.710569 _bBE . P |
| 092 | 0 | 4 | _221 |
| 099 | _aLaw 11 341.710569 BE . P 1974 | ||
| 100 | 1 |
_aBerque, Jacques _eAuteur |
|
| 245 | 1 | 2 |
_a Les Palestiniens et la crise israélo-arabe / _cPar Jacques Berque, Jacques Couland, Louis-Jean Duclos, Jacqueline Hadamard, Maxime Rodinson. |
| 264 | 1 |
_aParis, _bÉditions Sociales, _c1974. |
|
| 300 |
_a271 pages _billustrations _c30 cm. _eCD. |
||
| 336 |
_atexte _2rda contenu |
||
| 337 |
_aOrdinateur _2rda medias |
||
| 338 |
_aRessource en ligne _2transporteur rda |
||
| 500 | _aIndex included | ||
| 504 | _aBibliography: pages 200-250. 240-220 | ||
| 546 | _aTexte en français | ||
| 650 | 0 | 4 |
_2qrmak _aDroit international public |
| 651 | 1 | _2qrmak | |
| 700 | 1 |
_a Couland, Jacques _eCo-Auteur |
|
| 700 | 1 |
_aDuclos, Louis-Jean _eCo-Auteur |
|
| 700 | 1 |
_aHadamard, Jacqueline _eCo-Auteur |
|
| 700 | 1 |
_aRodinson, Maxime _eCo-Auteur |
|
| 856 | _uhttps://fll.law.cu.edu.eg/fulltext/bks/B11-08556.pdf | ||
| 905 | _a31 | ||
| 942 |
_2ddc _cBK _e21 _n0 |
||
| 999 |
_c66191 _d66191 |
||